00519nam a2200205 a 4500001001300000003000900013005001700022008004100039020000900080082001800089100001900107245003500126260004500161300000900206500003500215505001200250650001400262650001800276700001900294nice12345678IN_TiNIC20260116013719.0050524s0000 newa grp 000 0 urd  ac2500a954.0258bNOM aNomani, Shibli aAurangzeb Alamgir Par Ek Nazar aNew DelhibIslamic Book Foundationc0000 a135p aincludes index and biblioraphy2 aIndexes aAurangzeb aIndia-History1 aNomani, Shibli